LEADER 00608nam0-22002291i-450- 001 990001140240403321 035 $a000114024 035 $aFED01000114024 035 $a(Aleph)000114024FED01 035 $a000114024 100 $a--------d--------km-y0itay50------ba 101 0 $aeng 200 1 $a<>superficie razionali$fdi Conforto 210 $aBologna$cZanichelli$d1939 700 1$aConforto,$bFabio$028718 801 0$aIT$bUNINA$gRICA$2UNIMARC 901 $aBK 912 $a990001140240403321 952 $a27-F-28$b02544$fMA1 959 $aMA1 996 $aSuperficie razionali$9344167 997 $aUNINA LEADER 00931nam2-2200325---450- 001 990006148330203316 005 20160525114534.0 035 $a000614833 035 $aUSA01000614833 035 $a(ALEPH)000614833USA01 035 $a000614833 100 $a20160525d1980----km-y0itay50------ba 101 $aita 102 $aIT 105 $a||||||||001yy 200 1 $a<1.:> <> legis actiones$fCarlo Augusto Cannata 210 $aTorino$cGiappichelli$d1980 215 $a113 p.$d25 cm 461 1$1001000614832$12001$aProfilo istituzionale del processo privato romano 606 0 $aProcesso romano$2BNCF 676 $a347.3707 700 1$aCANNATA,$bCarlo Augusto$0231438 801 0$aIT$bsalbc$gISBD 912 $a990006148330203316 951 $aXVI.5. 384/1$cXVI.5.$d00279155 959 $aBK 969 $aFMEL 979 $aGIUSY$b90$c20160525$lUSA01$h1145 996 $aLegis actiones$91387121 997 $aUNISA